| 000 | 01497nam a2200241 a 4500 | ||
|---|---|---|---|
| 001 | 72204 | ||
| 003 | BD-RjUL | ||
| 005 | 20220706110718.0 | ||
| 008 | 220704s1947 ua ||||| |000|| ara|d | ||
| 035 | _a(BD-RjUL)72204 | ||
| 040 |
_aTAU _beng _cBD-RjUL |
||
| 041 | 0 | _aara | |
| 082 |
_223 _a297 _bJAM 1947 |
||
| 090 | _a297 | ||
| 100 | 1 |
_a[Al-Jadili, Muhammad Abdul Rahman] الجديلي، محمد عبد الرحمن _93996 |
|
| 245 | 1 | 0 |
_aمحاضرات اسلامية من الاذاعة اللاسلكية :[muhadarat asilamiat min aladhaeat allaasilkiat] : _bفى حكم التشريع، واسرار التنزيل، وجلائل العقائد، وكرائم السير، وذخائر التاريخ، وتصوير البطولة، وروائع العظات / [faa hukm altashriei, wasrar altanzili, wajalayil aleaqayidi, wakarayim alsayra, wadhakhayir altaarikhi, wataswir albutulati, warawayie aleizat] / _cby Muhammad Abdul Rahman Al-Jadili] بقلم محمد عبد الرحمن الجديلى |
| 260 |
_aمصر : _bدار احياء الكتب العربية. عيسى البابي الحلبي،dar ahya' alkutub alearabiati. eisaa albabi alhalbi, _c١٩٤٧ م. ١٣٦٧ هج. |
||
| 300 | _a٢٥٥ ص. | ||
| 500 | _a"وهي مجموعة من المحاضرات الرسمية، أذاع بعضها المؤلف وهو مدير المساجد والبعض الآخر أذاعه حديثا" | ||
| 500 | _a"المجموعة الاولى" | ||
| 650 | 4 | _aIslam | |
| 942 |
_2ddc _cBK |
||
| 999 |
_c72204 _d72204 |
||